000 00722nam a2200241Ia 4500
005 20260430150052.0
008 008 250103s9999 xx 000 0 eng d
037 _aTheses
040 _aCRL
040 _beng
040 _ceng
041 _2eng
041 _aeng
084 _qCRL
100 _aYadav Suchit Kumar Au.; Sanjeev Kumar H.M. Gu.
_91236359
245 0 _aRevisiting Identity Politics: Understanding politics of Mobilization Strategy and Emancipation of Dalits of Uttar Pradesh
260 _c2021
300 _a214p.
650 _aPolitical Science
700 _aUniversity of Delhi. Faculty of Social Science. Deptt. of Political Science
_91236360
942 _cTH
999 _c1848868
_d1848868